000 00558nmm a2200193Ia 4500
008 251105s9999||||xx |||||||||||||||||und||
020 _a9788475224565
041 _aspa
100 _aPensado, Carmen
245 0 _aEl complemento directo preposicional
264 _a[Madrid, España] :
_bVisor Libros,
_c1996
300 _a440 páginas
490 _aGramática del Español
650 _aSpanish literature
700 _aPensado, Carmen
700 1 _a Pensado, Carmen (ed.)
856 _uhttps://public.digitaliapublishing.com/a/28183
942 _cCF
999 _c69884
_d69884